| 000 | 02892nam0a2200373 4500 | ||
|---|---|---|---|
| 001 | RU\NLR\BIBL_A\022624641 | ||
| 005 | 20260420053603.0 | ||
| 010 |
_a978-5-9704-9294-9 _93000 |
||
| 021 |
_aRU _bКН-П-25-044935 _9КН-П-25-4370 |
||
| 035 | _a(NLR Aleph) 022624641 | ||
| 090 |
_a13684491 _c13684491 |
||
| 100 | _a20250918d2025 u y0rusy50 ca | ||
| 101 | 0 | _arus | |
| 102 | _aRU | ||
| 105 | _aa z 000yy | ||
| 181 | 0 |
_ai3 _baxxe |
|
| 182 | 0 | _an | |
| 200 | 1 |
_aТактика врача-оториноларинголога _eпрактическое руководство _f[авторский коллектив: Карпищенко С. А. - доктор медицинских наук, профессор, действительный член РАЕН, Международной академии оториноларингологии - хирургии головы и шеи, Немецкого научного общества оториноларингологов, член-корреспондент Бельгийского королевского ЛОР-общества, Рябова М. А. - доктор медицинских наук, профессор, действительный член Международной академии оториноларингологии - хирургии головы и шеи, Зубарева А. А. - доктор медицинских наук, профессор и др.] _gпод редакцией профессора С. А. Карпищенко _gФГБОУ ВО "Первый Санкт-Петербургский государственный медицинский университет имени академика И. П. Павлова" Минздрава России |
|
| 203 |
_aТекст _bвизуальный _cнепосредственный |
||
| 210 |
_aМосква _cГЭОТАР-Медиа _d2025 |
||
| 215 |
_a157 с. _cил., цв. ил. _d24 |
||
| 225 | 1 | _aФГБОУ ВО "Первый Санкт-Петербургский государственный медицинский университет имени академика И. П. Павлова" Минздрава России рекомендует | |
| 225 | 1 | _aСерия "Тактика врача" | |
| 300 | _aАвт. указаны на с. 4-6 | ||
| 300 | _aДоп. информ. в ссылках QR-кодов | ||
| 606 | 1 |
_aОториноларингология _jПрактические пособия _9942096 _3RU\NLR\AUTH\6630093 |
|
| 686 | 1 | _aР68я77 | |
| 701 | 1 |
_aКарпищенко _bС. А. _gСергей Анатольевич |
|
| 701 | 1 |
_aРябова _bМ. А. _gМарина Андреевна |
|
| 701 | 1 |
_aЗубарева _bА. А. _gАнна Анатольевна |
|
| 942 | _cBOOK | ||
| 980 | _aNB | ||